| 000 | 00650nam a2200253Ia 4500 | ||
|---|---|---|---|
| 003 | OSt | ||
| 005 | 20221005043204.0 | ||
| 006 | a|||||r|||| 00| 0 | ||
| 007 | ta | ||
| 008 | 221004b |||||||| |||| 00| 0 eng d | ||
| 020 | _a0582276829 | ||
| 024 | _a26097 | ||
| 037 | _cTextual | ||
| 040 |
_aCRL _cCRL _beng |
||
| 041 |
_2eng _aeng |
||
| 082 | _aG:55:(F), N9 | ||
| 100 |
_aScragg Alan _9438174 |
||
| 245 | 0 | _aEnvironmental biotechnology | |
| 260 |
_aEngland _bPearson Education Ltd _c1999 |
||
| 300 |
_a249p. _ccm. |
||
| 650 | _aBIOTECHNOLOGY | ||
| 942 |
_hG:55:(F), N9 _cTEXL _2cc |
||
| 999 |
_c951501 _d951501 |
||